China rise & the American empire declines (Record no. 4609)

MARC details
000 -LEADER
fixed length control field 00462nam a22001577a 4500
008 - FIXED-LENGTH DATA ELEMENTS--GENERAL INFORMATION
fixed length control field 260309b |||||||| |||| 00| 0 eng d
020 ## - INTERNATIONAL STANDARD BOOK NUMBER
ISBN 9789789990702
100 ## - MAIN ENTRY--AUTHOR
Author Ibrahim Sharif Ghali
245 ## - TITLE STATEMENT
Title China rise & the American empire declines
260 ## - PUBLICATION, DISTRIBUTION, ETC. (IMPRINT)
Place of publication Abuja
Name of publisher Centre for contemporary China-Africa: Research in Nigeria
Date of publication 2025
300 ## - COLLATION
Pagination viii, 304p.
Other physical details ill
650 ## - TRACINGS
Main Subject globlization
942 ## - ADDED ENTRY ELEMENTS (KOHA)
Item type Books
050 ## - LIBRARY OF CONGRESS CALL NUMBER
Classification number HF154615.C6
Item number .G43
Holdings
Source of classification or shelving scheme Not for loan Permanent location Current location Date acquired Accession No. Full call number Barcode. Koha item type
Library of Congress Classification   Samuel Ogbemudia Main Library, University of Abuja Samuel Ogbemudia Main Library, University of Abuja 03/09/2026 2025/69391-69403 HF154615.C6 .G43 2026-0099 Books